000 01464cam a2200145 4500500
005 20251214005052.0
041 _afre
042 _adc
100 1 0 _aBenedetto-Meyer, Marie
_eauthor
700 1 0 _aBoboc, Anca
_eauthor
245 0 0 _aSociologie du numérique au travail
260 _bArmand Colin,
_c2021.
520 _aComment évolue le travail aujourd’hui à l’heure du numérique ? Les espaces et les temps de travail se recomposent-ils ? Les salariés sont-ils plus autonomes grâce aux outils numériques ? Comment évoluent le rôle des managers et les modes d’organisation du travail ? Les sujets d’interrogations ne manquent pas concernant les mutations du travail en lien avec la diffusion des outils numériques, qu’il s’agisse de comprendre les transformations de l’activité des cadres, les mutations de certains métiers (comme ceux, par exemple, de la vente, du secrétariat ou de la formation), ou de certaines fonctions comme la GRH, le marketing ou le travail de conception en bureau d’étude. A travers des données récentes, l'ouvrage montre l’ambivalence des effets du numérique sur les organisations et les tensions qu’elle génère en matière de travail, entre autonomie et contrôle, nouveaux collectifs et isolement, injonction à collaborer et responsabilisation individuelle.
856 4 1 _uhttps://shs.cairn.info/sociologie-du-numerique-au-travail--9782200630096?lang=fr&redirect-ssocas=7080
999 _c1568640
_d1568640